Field and wave electromagnetics / (Record no. 4359)
[ view plain ]
| 000 -LEADER | |
|---|---|
| fixed length control field | 00644cam a2200229 a 4500 |
| 001 - CONTROL NUMBER | |
| control field | 16932 |
| 003 - CONTROL NUMBER IDENTIFIER | |
| control field | BD-DhUAP |
| 005 - DATE AND TIME OF LATEST TRANSACTION | |
| control field | 20201108154807.0 |
| 008 - FIXED-LENGTH DATA ELEMENTS--GENERAL INFORMATION | |
| fixed length control field | 880408r20111989ii a b 001 0 eng |
| 020 ## - INTERNATIONAL STANDARD BOOK NUMBER | |
| International Standard Book Number | 9788177585766 |
| 040 ## - CATALOGING SOURCE | |
| Original cataloging agency | DLC |
| Transcribing agency | DLC |
| Modifying agency | BD-DhUAP |
| Language of cataloging | Eng |
| 082 00 - DEWEY DECIMAL CLASSIFICATION NUMBER | |
| Classification number | 530.141 CHE |
| Edition number | 23 |
| 100 1# - MAIN ENTRY--PERSONAL NAME | |
| Personal name | Cheng, David K. |
| 245 10 - TITLE STATEMENT | |
| Title | Field and wave electromagnetics / |
| Statement of responsibility, etc. | David K. Cheng. |
| 250 ## - EDITION STATEMENT | |
| Edition statement | 2nd ed. |
| 260 ## - PUBLICATION, DISTRIBUTION, ETC. | |
| Place of publication, distribution, etc. | New Delhi : |
| Name of publisher, distributor, etc. | Pearson education, |
| Date of publication, distribution, etc. | c1989 [2011]. |
| 300 ## - PHYSICAL DESCRIPTION | |
| Extent | 719 pages : |
| Other physical details | illustrations ; |
| Dimensions | 24 cm. |
| 500 ## - GENERAL NOTE | |
| General note | Includes index. |
| 650 #0 - SUBJECT ADDED ENTRY--TOPICAL TERM | |
| Topical term or geographic name entry element | Electromagnetism. |
| 650 #0 - SUBJECT ADDED ENTRY--TOPICAL TERM | |
| Topical term or geographic name entry element | Field theory (Physics) |
| 942 ## - ADDED ENTRY ELEMENTS (KOHA) | |
| Source of classification or shelving scheme | |
| Koha item type | Book |
| Withdrawn status | Lost status | Source of classification or shelving scheme | Damaged status | Not for loan | Permanent Location | Current Location | Shelving location | Date acquired | Full call number | Barcode | Date last seen | Copy number | Price effective from | Koha item type |
|---|---|---|---|---|---|---|---|---|---|---|---|---|---|---|
| UAP Central Library | UAP Central Library | General Stacks | 2020-11-08 | 530.141 CHE | 3010016932 | 2020-11-08 | 1 | 2020-11-08 | Book | |||||
| UAP Central Library | UAP Central Library | General Stacks | 2020-11-08 | 530.141 CHE | 3010016325 | 2020-11-08 | 2 | 2020-11-08 | Book | |||||
| UAP Central Library | UAP Central Library | General Stacks | 2020-11-08 | 530.141 CHE | 3010016328 | 2020-11-08 | 3 | 2020-11-08 | Book | |||||
| UAP Central Library | UAP Central Library | General Stacks | 2020-11-08 | 530.141 CHE | 3010016330 | 2020-11-08 | 4 | 2020-11-08 | Book | |||||
| UAP Central Library | UAP Central Library | General Stacks | 2020-11-08 | 530.141 CHE | 3010016333 | 2020-11-08 | 5 | 2020-11-08 | Book | |||||
| UAP Central Library | UAP Central Library | General Stacks | 2020-11-08 | 530.141 CHE | 3010016326 | 2020-11-08 | 6 | 2020-11-08 | Book | |||||
| UAP Central Library | UAP Central Library | General Stacks | 2020-11-08 | 530.141 CHE | 3010016329 | 2020-11-08 | 7 | 2020-11-08 | Book | |||||
| UAP Central Library | UAP Central Library | General Stacks | 2020-11-08 | 530.141 CHE | 3010016327 | 2020-11-08 | 8 | 2020-11-08 | Book | |||||
| UAP Central Library | UAP Central Library | General Stacks | 2020-11-08 | 530.141 CHE | 3010016931 | 2020-11-08 | 9 | 2020-11-08 | Book | |||||
| UAP Central Library | UAP Central Library | General Stacks | 2020-11-09 | 530.141 CHE | 3010016331 | 2020-11-09 | 10 | 2020-11-09 | Book | |||||
| UAP Central Library | UAP Central Library | General Stacks | 2020-11-10 | 530.141 CHE | 3010016334 | 2020-11-10 | 11 | 2020-11-10 | Book | |||||
| UAP Central Library | UAP Central Library | General Stacks | 2020-11-10 | 530.141 CHE | 3010016332 | 2020-11-10 | 12 | 2020-11-10 | Book |
Bengali Keyboard